Algeria Fact-File - Statistics

General Stats
  • This quiz has been taken 13 times
  • The average score is 14 of 19
Answer Stats
Hint Answer % Correct
Continent Africa
100%
Capital City Algiers
100%
Largest City (By Population) Algiers
100%
Official Language Arabic
92%
Bordering Country Libya
92%
Bordering Country Mauritania
92%
Bordering Country Morocco
92%
Bordering Country Niger
92%
Driving Side Right
92%
Bordering Country Tunisia
92%
Currency Algerian Dinar
85%
Most popular sport Football
85%
Bordering Country Mali
85%
Calling Code +213
54%
National Animal Fennec Fox
46%
Official Language Tamazight
46%
Tallest Building Djamaâ El Djazaïr
8%
Highest Point Mt Tahat
8%
National Anthem (English Name) We Pledge
8%
No matching quizzes found
Score Distribution
Percent of People with Each Score
Percentile by Number Answered
Your Score History
You have not taken this quiz